000 00589nam a2200181Ia 4500
008 090123s9999 xx 000 0 und d
082 _b18425
_a891.463/रावजी
100 _a"रावजी आशू,दिनू काकडे"
245 _aसौदा
250 _a1
260 _bडॉल्फिन लायब्ररी
_c1990
300 _a244
600 _a"रावजी आशू,दिनू काकडे"
630 _aसौदा
700 _a"रावजी आशू,दिनू काकडे"
730 _aसौदा
942 _cBOOK
999 _c56488
_d56488